The witch of Blackbird Pond / (Record no. 3004)

MARC details
000 -LEADER
fixed length control field 00931cam a2200253 4500
001 - CONTROL NUMBER
control field 3004
003 - CONTROL NUMBER IDENTIFIER
control field FISKH
005 - DATE AND TIME OF LATEST TRANSACTION
control field 20240130140818.0
008 - FIXED-LENGTH DATA ELEMENTS--GENERAL INFORMATION
fixed length control field 730410s1958 mau j 000 1 eng
010 ## - LIBRARY OF CONGRESS CONTROL NUMBER
LC control number 58011063
020 ## - INTERNATIONAL STANDARD BOOK NUMBER
International Standard Book Number 071009003507
040 ## - CATALOGING SOURCE
Original cataloging agency DLC
Transcribing agency DLC
Modifying agency DLC
Language of cataloging eng
050 00 - LIBRARY OF CONGRESS CALL NUMBER
Classification number PZ7.S7376
Item number Wi
082 ## - DEWEY DECIMAL CLASSIFICATION NUMBER
Classification number 813.54
100 1# - MAIN ENTRY--PERSONAL NAME
Personal name Speare, Elizabeth George.
245 14 - TITLE STATEMENT
Title The witch of Blackbird Pond /
Statement of responsibility, etc. Elizabeth George Speare
250 ## - EDITION STATEMENT
Edition statement This edition published in 2006
260 ## - PUBLICATION, DISTRIBUTION, ETC.
Place of publication, distribution, etc. New York :
Name of publisher, distributor, etc. Yearling Books,
Date of publication, distribution, etc. 1958
300 ## - PHYSICAL DESCRIPTION
Extent 249 pages :
Dimensions 20 cm
520 ## - SUMMARY, ETC.
Summary, etc. In 1687 in Connecticut, Kit Tyler, feeling out of place in the Puritan household of her aunt, befriends an old woman considered a witch by the community and suddenly finds herself standing trial for witchcraft.
650 ## - SUBJECT ADDED ENTRY--TOPICAL TERM
Topical term or geographic name entry element Historical Fiction
Form subdivision Juvenile Literature
906 ## - LOCAL DATA ELEMENT F, LDF (RLIN)
a 7
b cbc
c orignew
d u
e ocip
f 19
g y-gencatlg
942 ## - ADDED ENTRY ELEMENTS (KOHA)
Source of classification or shelving scheme Dewey Decimal Classification
Koha item type Books
Suppress in OPAC No
Holdings
Withdrawn status Lost status Source of classification or shelving scheme Damaged status Not for loan Collection Home library Current library Shelving location Date acquired Total Checkouts Full call number Barcode Date last seen Price effective from Koha item type
    Dewey Decimal Classification     Fiction Footprints International School Library Network Toul Kork Campus Footprints International School Library Network Toul Kork Campus   01/30/2024   SPE Fic PZ7.S7376 FISO1019 01/30/2024 01/30/2024 Books